000 nam a22 7a 4500
999 _c49905
_d49905
003 OSt
005 20200318132339.0
008 200318b xxu||||| |||| 00| 0 eng d
040 _cSERO SOFT
100 _aJOHRI DEEPTI
245 _aGENDER SCHOOL AND SOCIETY
250 _aNEW
260 _aMEERUT
_bR.LALL
300 _a210
942 _2ddc
_c01